000
00258nam a2200097Ia 4500
008
200302s9999 xx 000 0 und d
100
_a
Author
245
_a
Sustainable Architecture Hightech Housing
260
_b
Carles Broto & Josep M Minguet
300
_a
177 P.,
999
_c
5205
_d
5205